01975cam a22002774i 4500003000900000005001700009008004100026035001900067040003300086082001700119100003400136245002400170264004600194300002800240336002100268337002500289338002300314505129200337526000901629526000901638526000801647526000801655526000801663526000801671700001801679PE-LiUPU20250731175630.0150623s r 000 0 d a(Sirsi) a29313 aPE-LiUPUbspacPE-LiUPUerda04a492bH222211 aHarper's, William R.,eautor.10aElements of Hebrew. 1aNew York :bCharles Scribers Sons,c1921. a210 páginas ;c23 cm. atext2rdacontent aunmediated2rdamedia avolume2rdacarrier0 athe letters. - Remarks on the pronunciation of letters. - Remarks on the forms of letters. - Vowels. -The Vowel-Sings. - The Vowel letters. - The classificaction of the . - Vowel-Sounds. - The names of the vowels. - Other Points. - the accents. - The place of the accents. - Shifting of the tone. - The table of accents. - Syllables. - Kinds of Syllables. - Syllabification. - Quality of the Vowel in Syllables. - Euphonu of vowels. - Short vowels. - Naturally long vowels. - Tables of vowel-Changes. - Euphonu of consonants. - Assimilation.- Rejection. - Inseparable particles. - The article. - The Inseparable prepositions. - Pronouns. - The personal Pronoun. - The verb. - Roods. - Classes of verbs. -The tri-literal verb. - The strong verb. - The kal perfect. - The laryngeal. - the weak verb. - Bi-Literal verbs. - Classes of Bi-Literal verbs. - Nouns. - the inflection of nouns. - Nouns with one, originally short, formative vowel. - Nouns with Two, originally short, formative vowel. - Nouns with one short and one long formative vowel. - Nouns formed by prefyxing. - Nouns formed by means of affixes. - Separate particles. - Adverbs. - Propositions. - Conjunctions. -Interjections. -Paradigms. - the personal pronound and pronominal suffixes. -The strong verb. -Strong verb. aP145 aP127 aP97 aP35 aP14 aP071 aSmith, Powis.